| 000 | 00000nam 2200000zi 4500 |
| 001 | 9.937213 |
| 003 | CaOODSP |
| 005 | 20250821075126 |
| 006 | m o d f |
| 007 | cr |n||||||||| |
| 008 | 240419t20242024oncd ob f|0| 0 eng d |
| 040 | |aCaOODSP|beng|erda|cCaOODSP |
| 043 | |an-cn--- |
| 086 | 1 |aFB3-7/2024-5E-PDF |
| 100 | 1 |aBeĢdard, Nicolas, |eauthor. |
| 245 | 10|aMeasuring household financial stress in Canada using consumer surveys / |cby Nicolas Bédard and Patrick Sabourin. |
| 264 | 1|a[Ottawa] : |bBank of Canada = Banque du Canada, |c2024. |
| 264 | 4|c©2024 |
| 300 | |a1 online resource (i, 24 pages) : |bcharts. |
| 336 | |atext|btxt|2rdacontent |
| 337 | |acomputer|bc|2rdamedia |
| 338 | |aonline resource|bcr|2rdacarrier |
| 490 | 1 |aStaff analytical note = |aNote analytique du personnel, |x2369-9639 ; |v2024-5 |
| 500 | |a"Last updated: March 28, 2024." |
| 504 | |aIncludes bibliographical references. |
| 650 | 0|aCost and standard of living|zCanada. |
| 650 | 0|aDebt|zCanada. |
| 650 | 0|aInflation (Finance)|zCanada. |
| 650 | 6|aCoût et niveau de la vie|zCanada. |
| 650 | 6|aDettes|zCanada. |
| 650 | 6|aInflation|zCanada. |
| 710 | 2 |aBank of Canada, |eissuing body. |
| 830 | #0|aStaff analytical note (Bank of Canada)|v2024-5.|w(CaOODSP)9.807323 |
| 856 | 40|qPDF|s491 KB|uhttps://publications.gc.ca/collections/collection_2024/banque-bank-canada/FB3-7-2024-5-eng.pdf |